00649nam a2200229 a 4500001001300000003000900013005001700022008004100039020001000080082001700090100002600107245002000133260003400153300000900187500003500196650001500231700002600246902000800272942000700280952011700287999001500404nice12345678IN_TiNIC20260116011824.0070709s0000 hyda grp 000 0 urd  ac10000a297.86bNAZ3 aNazir, Dawat-O-taligh aAqaid-O-taleemt aHyderabadbNo Publisherc0000 a144p aincludes index and biblioraphy aAhmadiyyah1 aNazir, Dawat-O-taligh bSRS cBK 001040708StackRoom-aHMIbHMId2007-07-09g100.00l0o297.86 NAZ3p06741r2007-07-09v100.00w2007-07-09yBK c4209d4209